Statistiques concernant Charades #4

Cliquez ici pour prendre le quiz!

Statistiques générales

  • Ce quiz a été pris 134 fois
  • Le résultat moyen est 18 sur 23

Statistiques - réponses

IndicesRéponses% Correct
1Mon deuxième est la 17 ème lettre de l’alphabet.Q
100%
2On boit le thé dans mon troisième.Tasse
93%
1Mon troisième est un outil servant à couper des matières dures par l'action d'une lame dentéeScie
91%
3Mon premier n’est pas haut.Bas
89%
4Mon troisième est le contraire de bas.Haut
89%
4Mon deuxième est la 3ième voyelle de l'alphabet.I
89%
3Mon tout est un mammifère marin.Baleine
87%
3Mon second est fait à partir des poils de moutons.Laine
87%
2Quand on multiplie un nombre par mon premier, celui-ci reste égal à lui-même.Un
86%
1Mon premier est un style de musique.Electro
83%
1Mon tout vous arrivera si vous mettez les doigts dans une prise.Électrocution
79%
1Mon quatrième est un pronom indéfini.On
79%
4Mon premier est le livre le plus vendu au monde.Bible
78%
2Mon quatrième est un atome qui a perdu ou gagné un ou plusieurs électrons.Ion
77%
2Mon deuxième permet de poser une question sur une heure ou une date.Quand
77%
4Mon tout est un endroit où est conservé le savoir.Bibliothèque
76%
5Mon troisième est essentiel à la survie de l'homme.Eau
73%
2Pour faire mon tout, on doit réciter des formules magiques.Incantation
73%
5Mon premier est le croisement entre un âne et un cheval.Mule
68%
5Mon deuxième est un acarien qui suce le sang de ses victimes.Tique
64%
5Mon tout pourrait qualifier un arc-en-ciel.Multicolore
52%
5Mon quatrième est un prénom féminin.Laure
50%
4Mon quatrième est un arbre très recherché pour la fabrication des ponts de bateaux ou même des meubles de jardin.Teck
50%

Distribution des résultats

Percentile par nombre de réponses

% des personnes avec chaque résultat

Votre développement - résultats

Vous n’avez pas pris ce quiz